000 03855nam0a2200373 4500
001 RU\NLR\BIBL_A\012813719
005 20220914143944.0
010 _a978-5-7310-5531-4
_91000
021 _aRU
_bКН-П-22-012923
_9КН-П-22-1102
035 _a(NLR Aleph) 012813719
035 _a(RuMoRGB)010996444
090 _a13216742
_c13216742
100 _a20220608d2021 k y0rusy50 ca
101 0 _arus
_aeng
102 _aRU
105 _aa z 100zy
181 0 _ai3
_baxxe
182 0 _an
200 1 _aИнновационно-инвестиционный фундамент развития экономики общества и государства: от научных разработок к практике
_eсборник научных статей по итогам международной научно-практической конференции, 27-28 декабря 2021 года, Санкт-Петербург
_fСанкт-Петербургский центр системного анализа
203 _aТекст
_bвизуальный
_cнепосредственный
210 _aСанкт-Петербург
_cИзд-во Санкт-Петербургского государственного экономического университета
_d2021
215 _a173 с.
_cил.
_d30
300 _aЧасть текста парал. рус., англ.
320 _aБиблиогр. в конце ст.
330 _aСборник включает статьи участников международной научно-практической конференции <Инновационно-инвестиционный фундамент развития экономики общества и государства: от научных разработок к практике>>, прошедшей 27-28 декабря 2021 года в городе Санкт-Петербурге на базе Санкт-Петербургского Центра Системного Анализа. Сборник содержит статьи по научным направлениям: архитектура и строительство; биологические науки; внегосударственное управление; естественно-научное литературоведение; инженерное дело; информационные технологии; исторические науки; культурология; медицинские науки; охрана труда; педагогические науки; психологические науки; сельскохозяйственные науки; технические науки; филологические науки; экономические науки. В материалах конференции обсуждаются проблемы различных областей современной науки
606 1 _aИнновационная экономика
_jСъезды, совещания и т.п
_92122595
_3RU\NLR\AUTH\661585261
686 1 _aУ5-55я431
711 1 2 _a"Инновационно-инвестиционный фундамент развития экономики общества и государства: от научных разработок к практике", международная научно-практическая конференция
_eСанкт-Петербург
_f2021
_9801745
_3RU\NLR\AUTH\880567612
712 0 2 _4557
_aСанкт-Петербургский центр системного анализа
_9580299
_3RU\NLR\AUTH\880458656
942 _cBOOK
980 _aNB